[Event "Zonal 2.4 - Open"]
[Site "Araruama - Rio de Janeiro"]
[Date "2011.06.20"]
[Round "3"]
[Board "1"]
[White "Di Berardino, Diego Rafael"]
[Black "Cordova, Emilio"]
[Result "1/2-1/2"]
[WhiteElo "2480"]
[BlackElo "2561"]
[PlyCount "81"]
[EventDate "2011.06.18"]
[EventRounds "9"]
[EventCountry "BRA"]

1.d4 Nf6 2.c4 e6 3.Nf3 b6 4.a3 c5 5.d5 Ba6 6.Qc2 exd5 7.cxd5 g6 8.Nc3 Bg7 9.g3
O-O 10.Bg2 Re8 11.O-O d6 {A posição, bastante empregada, é uma  mistura de Índia
da Dama com Benoni Moderna. No espírito desta última, e  considerando a sua
maioria central, as brancas vão jogar no centro e nala ala  do rei, enquanto as
pretas realizam ações na ala oposta, onde contam com  maioria de peões} 12.Re1
b5 13.h3 {Algo mais popular é} [13.e4 Nbd7 {Agora  14.h3 transpõe a partida,
porém as brancas podem tentar uma opção independente  com} 14.Bf4 {por exemplo}
Qb6 15.h3 Rac8 16.Be3 Qb7? {Lautier -  Nisipeanu, França tt 2000}] 13...Nbd7
14.e4 Rc8!? [14...Qc8 {é a  continuação principal. Um exemplo conhecido nesta
liha é} 15.Bf4 b4 16.Na4 b3 17.Qxb3 Nxe4 18.Qc2 Ndf6 {(Gelfand - Kasparov,
Novgorod 1997). A posição  oferece chances para os dois lados}] [14...Qb6!? {é
outra alternativa  razoável}] 15.Bf4 Qb6 16.a4 b4 17.Nb5 b3 {O mesmo truque,
tentando afastar  a dama da defesa do e4, pode-se ver no mencionado exemplo
Gelfand - Kasparov.  No entanto, 17...Bxb5 e 17...Ce5 também foram utilizadadas
nesta posição} 18.Qb1 Bxb5 {Esta troca é novidade para esta posição concreta. O
antecedente é} [18...Ne5 {onde} 19.Bxe5 (19.Nxe5!? dxe5 20.Be3 Bxb5 21.axb5 Qxb5
22.Rxa7 c4 23.Bf1?) 19...dxe5 20.Nd2 c4 21.Bf1 Bxb5 22.axb5 Qxb5 23.Rc1 Bh6
24.Rxc4 Qb6 25.Rxc8 Rxc8 26.Ra6 {é melhor para o primeiro lado, Banikas - 
Timoshenko, Agios Nikolaos 1997 (no entanto, o jogo acabou em empate uns  poucos
lances depois)}] 19.axb5 Nh5 20.Be3 Qxb5 21.Rxa7 [21.Bf1 c4 22.Rxa7 Nc5?]
21...Ne5? {Cada lado se ocupou em tentar refutar o jogo  adversário no setor
onde este possue maioria de peões, as brancas ocupando a  coluna a; as pretas se
fazendo fortes pelas casas centrais de cor negro} 22.Nxe5 [22.Qa1!?] 22...Bxe5
23.Bf1 [23.Qa1 Nf6 24.g4!? Qc4?] 23...Qb4 24.Rc1?! Bd4?! [24...c4!? {com a ideia
...c3, criando um perigoso  peão livre das cinzas da maioria}] 25.Bxd4 cxd4
26.Rxc8 Rxc8 27.Qd3 {Outra  possibilidade é} [27.Qd1!? {e se} Nf6 28.Bd3 {com
equilíbrio}] 27...Nf6 {Entretanto,} [27...Kg7!? {merece atenção}] 28.e5! {Uma
boa decisão, criando um peão livre mediante esta entrega} dxe5 29.Qa6? Qc5 30.d6
Kg7 31.Qb7 Rf8 32.Qc7 Qb4 [32...Ne4 33.Bg2 Qc2?] 33.Qe7?! {Mais natural -e
melhor- é} [33.Rb7 Qe1 34.d7 Rd8 35.Qxd8 Ne4 {com equilíbrio. Uma possível
continuação é} 36.Qf8+ Kxf8 37.d8=Q+ Kg7 38.Rxf7+ Kxf7 39.Qd5+ Kf6 40.Qd8+ Ke6
41.Qg8+ Ke7 42.Qxh7+ Kf6 43.Qh8+ Kf7 44.Qh7+?] 33...d3 {As pretas mostram que
elas têm seu próprio peão  livre, porém este lance pode não ser a mais forte. O
segundo jogador podia  causar mais problemas mediante} [33...e4! {por exemplo}
34.g4 Qc5 (34...d3 35.g5 Ne8 36.Qe5+ Kg8 37.d7 Ng7 {é complexo}) 35.Rc7 Qa5
36.Bc4 Qe1+ 37.Kg2 e3 38.fxe3 Qd2+ 39.Kg1 dxe3?] 34.Qxe5 d2 35.Be2 {Agora o jogo
está  novamente igualado} Qe4 36.Qxe4 Nxe4 37.Ra4 Nxd6 38.Rd4 Re8 39.Rxd2 Ne4
40.Rd5 [40.Rd7?] 40...Nc5 {Merecia atenção} [40...Nc3!? 41.bxc3 Rxe2 42.Rb5 b2
43.Kg2 Rc2 {onde as brancas sofrem mais para obter o empate}] 41.Rd2 {A divisão
do ponto, no entanto, é o mais justo resultado desta batalha, tendo  em conta
que os dois enxadristas mostraram uma boa disposição a luta e  dispuseram de
chances ao longo do jogo} 1/2-1/2

[Event "Zonal 2.4 - Open"]
[Site "Araruama - Rio de Janeiro"]
[Date "2011.06.20"]
[Round "3"]
[Board "1"]
[White "Fier, Alexandr"]
[Black "Toth, Christian Endre"]
[Result "1-0"]
[WhiteElo "2560"]
[BlackElo "2366"]
[PlyCount "81"]
[EventDate "2011.06.18"]
[EventRounds "9"]
[EventCountry "BRA"]

1.c4 f5 2.d4 Nf6 3.Nc3 e6 4.Bg5 Be7 5.Bxf6 Bxf6 6.e4 fxe4 7.Nxe4 O-O 8.Nf3 Nc6
9.Be2 d5 10.Nxf6+ Qxf6 11.O-O dxc4 12.Rc1 b5 13.b3 Rd8 14.bxc4 Nxd4 15.Nxd4 Rxd4
16.Qb3 bxc4 17.Rxc4 Rxc4 18.Bxc4 a5 19.Rd1 Qe7 20.Bd5 a4 21.Qb5 Bd7 22.Qc4 Ra5
23.Bf3 Rc5 24.Qb4 Kf7 25.h3 Rf5 26.Qb8 Be8 27.Be4 Rb5 28.Qa8 Rb2 29.Qa5 g6
30.Qe5 Rxa2 31.Rd3 Ra3 32.Rd4 Ra1+ 33.Kh2 Rc1 34.Bd5 {Depois de uma partida
muito tensa, os mestres arribaram a esta  posição. Os dois peões a mais das
pretas estão plenamente compensados pela  maior atividade das peças brancas e
certa falta de segurança do rei preto. O  verdadeiro problema para o condutor
das pretas é que a esta altura do jogo ele  estava jogando com os acréscimos,
enquanto Fier tinha ainda uns quarenta  minutos no relógio. Nessas
circunstâncias a defesa é muito difícil} Rc5? {porém as pretas ainda tinham}
[34...exd5 35.Rf4+] [34...g5! {(um lance  muito difícil de ver no apuro de
tempo) com a dupla ideia de negar o xeque  desde f4 e dispor da casa g6 para o
rei, por exemplo} 35.Bxe6+ Kg6 {onde  talvez as brancas não tinham nada melhor
que o perpétuo} (35...Qxe6 36.Qxg5?) 36.Bf5+ Kf7 37.Be6+ Kg6?] 35.Rf4+ {Agora as
brancas têm vantagem  decisiva} Kg8 36.Bxe6+ Bf7 37.Rxf7 {Claro que não}
[37.Bxf7+ Qxf7 {e as  pretas sobrevivem}] 37...Rxe5 38.Rxe7+ Kh8 [38...Kf8
39.Rf7+ Ke8 40.Bc4 Rc5 41.Rf4?] 39.Kg3 a3 40.Kf4 Re2 [40...a2 41.Re8+ Kg7
42.Rg8+ Kf6 43.Bxa2?] 41.Kg5 {As pretas estão sem defesa, por exemplo 41...a2
42.Te8+  ganhando} 1-0